Roblox: Grow a Garden Produce (Picture Quiz) - Statistics

General Stats
  • This quiz has been taken 147 times
    13 since last reset
  • The average score is 37 of 113
Answer Stats
Picture Hint Answer % Correct
Common Carrot
100%
Uncommon Blueberry
92%
Common Strawberry
92%
Common Chocolate Carrot
77%
Uncommon Rose
77%
Rare Tomato
77%
Uncommon Orange Tulip
69%
Legendary Apple
62%
Legendary Banana
62%
Rare Corn
62%
Legendary Pumpkin
62%
Legendary Bamboo
54%
Prismatic Beanstalk
54%
Mythical Cactus
54%
Mythical Coconut
54%
Mythical Dragon Fruit
54%
Divine Grape
54%
Legendary Green Apple
54%
Mythical Mango
54%
Divine Mushroom
54%
Rare Pear
54%
Divine Pepper
54%
Prismatic Sugar Apple
54%
Legendary Watermelon
54%
Legendary Avocado
46%
Mythical Blood Banana
46%
Transcendent Bone Blossom
46%
Divine Moon Mango
46%
Mythical Peach
46%
Mythical Pineapple
46%
Mythical Bell Pepper
38%
Prismatic Burning Bud
38%
Divine Cacao
38%
Divine Candy Blossom
38%
Rare Cauliflower
38%
Rare Daffodil
38%
Prismatic Giant Pinecone
38%
Mythical Kiwi
38%
Legendary Lilac
38%
Divine Pitcher Plant
38%
Divine Sunflower
38%
Legendary Aloe Vera
31%
Legendary Boneboo
31%
Divine Cherry Blossom
31%
Legendary Cranberry
31%
Divine Dragon Pepper
31%
Legendary Durian
31%
Prismatic Ember Lily
31%
Legendary Firework Flower
31%
Legendary Horned Dinoshroom
31%
Mythical Lemon
31%
Mythical Moon Melon
31%
Mythical Prickly Pear
31%
Rare Raspberry
31%
Uncommon Red Lollipop
31%
Rare Candy Sunflower
23%
Rare Dandelion
23%
Mythical Eggplant
23%
Prismatic Elephant Ears
23%
Divine Feijoa
23%
Mythical Firefly Fern
23%
Divine Fossilight
23%
Rare Foxglove
23%
Rare Glowshroom
23%
Uncommon Lavender
23%
Divine Loquat
23%
Rare Mint
23%
Divine Moon Blossom
23%
Legendary Moonflower
23%
Legendary Nectar Thorn
23%
Legendary Rafflesia
23%
Legendary Starfruit
23%
Uncommon Stonebite
23%
Mythical Amber Spine
15%
Rare Bee Balm
15%
Mythical Bendboo
15%
Legendary Cantaloupe
15%
Mythical Celestiberry
15%
Mythical Cocovine
15%
Uncommon Crocus
15%
Divine Cursed Fruit
15%
Rare Delphinium
15%
Mythical Easter Egg
15%
Divine Grand Volcania
15%
Mythical Guanabana
15%
Divine Hive Fruit
15%
Mythical Honeysuckle
15%
Rare Horsetail
15%
Rare Liberty Lily
15%
Mythical Lily of the Valley
15%
Legendary Lingonberry
15%
Divine Lotus
15%
Legendary Lumira
15%
Uncommon Manuka Flower
15%
Mythical Moonglow
15%
Mythical Nectarine
15%
Rare Nectarshade
15%
Uncommon Nightshade
15%
Legendary Papaya
15%
Rare Paradise Petal
15%
Mythical Parasol Flower
15%
Mythical Passionfruit
15%
Rare Peace Lily
15%
Mythical Pink Lily
15%
Mythical Purple Dahlia
15%
Divine Rosy Delight
15%
Divine Soul Fruit
15%
Rare Succulent
15%
Mythical Suncoil
15%
Divine Traveler's Fruit
15%
Divine Venus Fly Trap
15%
Legendary Violet Corn
15%
Uncommon Wild Carrot
15%
No matching quizzes found
Score Distribution
Percent of People with Each Score
Percentile by Number Answered
Your Score History
You have not taken this quiz since the last reset